000 01101nam a2200289Ia 4500
003 OSt
005 20220923211445.0
006 a|||||r|||| 00| 0
007 ta
008 220922b |||||||| |||| 00| 0 hin d
020 _a9789350640722 (hbk)
_c350
024 _a324,691
037 _b396, 12/03/2018, Eastern Book Linkers
_cTextual
040 _aARTS
_cARTS
_bhin
041 _2hin
_ahin
082 _aO153,3x, 152Q5
100 _aकमलेश्वर, संपा.
245 0 _aपंजाबी की चुनी हुई कहानियॉं
246 _aPanjābī kī chunī huī kahāniyaॉan
260 _aदिल्ली
_b राजपाल एण्ड सन्ज़
_c2015
300 _a207पृ.
_ccm.
490 _aभारतीय शिखर कथा कोश
650 _a पंजाबी साहित्य
_9156264
650 _aपंजाबी कविता
942 _hO153,3x, 152Q5
_cTEXL
_2CC
999 _c299730
_d299730